De la semeiología humoral (Record no. 49067)

MARC details
000 -LEADER
campo de control de longitud fija 00732nam a2200193 i 4500
001 - NÚMERO DE CONTROL
campo de control 49067
003 - IDENTIFICADOR DE NÚMERO DE CONTROL
campo de control ES-MaACL
005 - FECHA Y HORA DE LA ÚLTIMA TRANSACCIÓN
campo de control 20230906161858.0
007 - CAMPO FIJO DE DESCRIPCIÓN FÍSICA--INFORMACIÓN GENERAL
campo de control de longitud fija t|
008 - DATOS DE LONGITUD FIJA--INFORMACIÓN GENERAL
campo de control de longitud fija 030707s1851 sp ||||1| spa d
100 1# - ENTRADA PRINCIPAL--NOMBRE DE PERSONA
Nombre de persona Corral y Oña, Tomás de.
9 (RLIN) 40734
245 10 - MENCIÓN DEL TÍTULO
Título De la semeiología humoral
Resto del título : discurso de inauguración leído a la Academia de Medicina y Cirugía de Castilla la Nueva el día 26 de enero de 1851 /
Mención de responsabilidad, etc. por Tomás de Corral y Oña.
260 ## - PUBLICACIÓN, DISTRIBUCIÓN, ETC.
Lugar de publicación, distribución, etc. Madrid :
Nombre del editor, distribuidor, etc. [s.n.],
Fecha de publicación, distribución, etc. 1851 (
Fabricante Imprenta de Mariano Delgrás)
300 ## - DESCRIPCIÓN FÍSICA
Extensión 44 p. ;
Dimensiones 21 cm.
710 0# - ENTRADA AGREGADA--NOMBRE DE ENTIDAD CORPORATIVA
Nombre de entidad corporativa o nombre de jurisdicción como elemento de entrada Academia de Medicina y Cirugía de Castilla la Nueva.
9 (RLIN) 1188
852 ## - LOCALIZACIÓN
Ubicación ES-MaACL
Número de control de estantería T-422-F-9
852 ## - LOCALIZACIÓN
Ubicación ES-MaACL
Número de control de estantería T-418-F-11
852 ## - LOCALIZACIÓN
Ubicación ES-MaACL
Número de control de estantería T-621-F-16
Holdings
Estatus retirado Estado de pérdida Estado de daño No para préstamo Colección Biblioteca de origen Biblioteca actual Ubicación en estantería Fecha de adquisición Fuente de adquisición Total de préstamos Signatura topográfica completa Código de barras Visto por última vez Precio de reemplazo Tipo de ítem Koha
        Colección de folletos Biblioteca del Ateneo de Madrid Biblioteca del Ateneo de Madrid Depósito folletos 16/07/2005     T-621-F-16 1202340 23/02/2023 23/02/2023 Folleto
        Colección de folletos Biblioteca del Ateneo de Madrid Biblioteca del Ateneo de Madrid Depósito folletos 17/01/2008     T-422-F-9 1051637 23/02/2023 23/02/2023 Folleto
        Colección de folletos Biblioteca del Ateneo de Madrid Biblioteca del Ateneo de Madrid Depósito folletos 17/01/2008     T-418-F-11 1051638 23/02/2023 23/02/2023 Folleto